| 000 | 00904nam a22002177a 4500 | ||
|---|---|---|---|
| 005 | 20171129111010.0 | ||
| 010 | _aUR-9860 | ||
| 020 | 6 | _c50.00 | |
| 035 | _aU-8415 | ||
| 037 | _bDBAD/PUB | ||
| 082 | _a613.95 | ||
| 100 | _aمحمد جر جیس کر یمی | ||
| 245 |
_a تو حید ا و ر قیا م عد ل _cمحمد جر جیس کر یمی |
||
| 246 |
_b _aTauheed Aur Qeyame Adl |
||
| 250 | _aby Moulana Mohd. Jirjis Karimi | ||
| 260 |
_a نئی د لی _bMerkazi Maktaba Islami Publishers _c2012 |
||
| 270 |
_aD307,Dawat Nagar,Abul Fazal Enclave,Jamia Nagar , _b New Delhi _e110025 _k01126971652 _l- |
||
| 300 |
_a92ص _c22 Cm.(B.b) |
||
| 500 | _aدو حصہ | ||
| 942 |
_2ddc _cUR _h270 _mم ح م _e |
||
| 999 |
_c147028 _d147028 |
||